Asien - Länder und umstrittene Gebiete (mit Karte) - Statistiken

Allgemein
  • Dieses Quiz wurde 30 mal gespielt
  • Das Durchschnittsergebnis liegt bei 52 aus 71
Antworten auf der Karte
Die Antworten werden auf der Karte rot bzw. grün angezeigt, abhängig davon wie oft sie richtig erraten wurden.
 
Antwortstatistiken
Antwort % Korrekt
China
96%
Kambodscha
96%
Russland
96%
Russland
96%
Saudi-Arabien
96%
Syrien
96%
Afghanistan
92%
Bangladesch
92%
Indien
92%
Indonesien
92%
Irak
92%
Iran
92%
Japan
92%
Kasachstan
92%
Katar
92%
Libanon
92%
Mongolei
92%
Nordkorea
92%
Philippinen
92%
Südkorea
92%
Taiwan
92%
Thailand
92%
Türkei
92%
Vereinigte Arabische Emirate
92%
Vietnam
92%
Armenien
88%
Aserbaidschan
88%
Bahrain
88%
Bhutan
88%
Georgien
88%
Israel
88%
Jemen
88%
Jordanien
88%
Kirgisistan
88%
Kuwait
88%
Laos
88%
Malaysia
88%
Malediven
88%
Myanmar
88%
Nepal
88%
Oman
88%
Ost-Timor
88%
Pakistan
88%
Palästina
88%
Singapur
88%
Sri Lanka
88%
Tadschikistan
88%
Usbekistan
88%
Brunei
84%
Turkmenistan
84%
Hongkong
72%
Kurdistan
72%
Südossetien
64%
Abchasien
60%
Abchasien
60%
Macau
60%
Tschetschenien
56%
Bergkarabach
48%
Jammu und Kashmir
24%
Kokosinsel
20%
Weihnachtsinsel
20%
Weihnachtsinsel
20%
Spratly-Inseln
16%
Britisches Territorium im Indischen Ozean
12%
Paracel-Inseln
12%
Liancourt-Felsen
8%
Senkaku-Inseln
8%
Süd-Kurilen / Nördliche Territorien
8%
Scarborough-Riff
4%
Aksai-Chin (Ladakh)
0%
Arunachal Pradesh (Süd-Tibet)
0%
Keine übereinstimmenden Quizze gefunden
Verteilung der Resultate
Anzahl Personen mit jedem Resultat
Perzentil nach korrekt beantworteten Fragen
Ihre Resultats-Entwicklung
Sie haben dieses Quiz noch nicht gespielt